Explanatory Notes (Record no. 4259)

000 -LEADER
fixed length control field nam a22 a 4500
005 - DATE AND TIME OF LATEST TRANSACTION
control field 20170526101256.0
008 - FIXED-LENGTH DATA ELEMENTS--GENERAL INFORMATION
fixed length control field 170526s2002 be ||||| |||| 00| 0 eng d
040 ## - CATALOGING SOURCE
Original cataloging agency AKMAL
082 ## - DEWEY DECIMAL CLASSIFICATION NUMBER
Classification number 382.7 WCO
090 ## - LOCALLY ASSIGNED LC-TYPE CALL NUMBER (OCLC); LOCAL CALL NUMBER (RLIN)
Classification number (OCLC) (R) ; Classification number, CALL (RLIN) (NR) 382.7
Local cutter number (OCLC) ; Book number/undivided call number, CALL (RLIN) WCO
245 10 - TITLE STATEMENT
Title Explanatory Notes
250 ## - EDITION STATEMENT
Edition statement Third edition
260 ## - PUBLICATION, DISTRIBUTION, ETC.
Place of publication, distribution, etc. Brussels:
Name of publisher, distributor, etc. World Customs Organization,
Date of publication, distribution, etc. 2002.
300 ## - PHYSICAL DESCRIPTION
Extent 4 v. (loose-leaf) :
Other physical details ill.
Dimensions 32 cm
500 ## - GENERAL NOTE
General note Contains -<br/>Volume 1 - Section I - VI Chapters 1 - 29<br/>Volume 2 - Section VI - XI Chapters 30 - 63<br/>Volume 3 - Section XII - XVI Chapters 64 - 84<br/>Volume 4 - Section XVI - XXI Chapters 85 - 97
650 10 - SUBJECT ADDED ENTRY--TOPICAL TERM
Topical term or geographic name entry element Tariff
General subdivision Terminology and classification.
9 (RLIN) 4075
650 20 - SUBJECT ADDED ENTRY--TOPICAL TERM
Topical term or geographic name entry element Commercial products
General subdivision Classification.
9 (RLIN) 4076
710 2# - ADDED ENTRY--CORPORATE NAME
Corporate name or jurisdiction name as entry element World Customs Organization
9 (RLIN) 5917
942 ## - ADDED ENTRY ELEMENTS (KOHA)
Source of classification or shelving scheme
Koha item type Book
950 ## - LOCAL HOLDINGS (RLIN)
Permanent shelving location, LOC (RLIN) AKMAL
Holdings
Withdrawn status Lost status Source of classification or shelving scheme Damaged status Not for loan Collection code Home library Current library Shelving location Date acquired Inventory number Total Checkouts Full call number Barcode Date last seen Price effective from Koha item type
          NON-FICTION AKMAL Melaka AKMAL Melaka PINJAMAN 26.05.2017 (Volume 1)   382.7 WCO 201705288 26.05.2017 26.05.2017 Book
          NON-FICTION AKMAL Melaka AKMAL Melaka PINJAMAN 26.05.2017 (Volume 1)   382.7 WCO 201705289 26.05.2017 26.05.2017 Book
          NON-FICTION AKMAL Melaka AKMAL Melaka PINJAMAN 26.05.2017 (Volume 1)   382.7 WCO 201705290 26.05.2017 26.05.2017 Book
          NON-FICTION AKMAL Melaka AKMAL Melaka PINJAMAN 26.05.2017 (Volume 2)   382.7 WCO 201705291 26.05.2017 26.05.2017 Book
          NON-FICTION AKMAL Melaka AKMAL Melaka PINJAMAN 26.05.2017 (Volume 2)   382.7 WCO 201705292 26.05.2017 26.05.2017 Book
          NON-FICTION AKMAL Melaka AKMAL Melaka PINJAMAN 26.05.2017 (Volume 2)   382.7 WCO 201705293 26.05.2017 26.05.2017 Book
          NON-FICTION AKMAL Melaka AKMAL Melaka PINJAMAN 26.05.2017 (Volume 3)   382.7 WCO 201705294 26.05.2017 26.05.2017 Book
          NON-FICTION AKMAL Melaka AKMAL Melaka PINJAMAN 26.05.2017 (Volume 3)   382.7 WCO 201705295 26.05.2017 26.05.2017 Book
          NON-FICTION AKMAL Melaka AKMAL Melaka PINJAMAN 26.05.2017 (Volume 3)   382.7 WCO 201705296 26.05.2017 26.05.2017 Book
          NON-FICTION AKMAL Melaka AKMAL Melaka PINJAMAN 26.05.2017 (Volume 4)   382.7 WCO 201705297 26.05.2017 26.05.2017 Book
          NON-FICTION AKMAL Melaka AKMAL Melaka PINJAMAN 26.05.2017 (Volume 4)   382.7 WCO 201705298 26.05.2017 26.05.2017 Book
          NON-FICTION AKMAL Melaka AKMAL Melaka PINJAMAN 26.05.2017 (Volume 4)   382.7 WCO 201705299 26.05.2017 26.05.2017 Book
Pusat Sumber Maklumat Dato' Haji Sarmin Md Hussin, Akademi Kastam Diraja Malaysia, Melaka
Tel: 06-2331106 | Faks: 06-2313787